01313nam a2200289 a 4500008004100000020001500041050001700056100002600073245004900099246005200148260003400200300002400234350000900258490006000267490000600327500007300333650002100406650001300427650004400440650005600484700001900540995009600559995008800655999001700743952013600760952012700896120416s1982 ||||||||||||||||| || u a0444420568 aHD 108.6 Onr aBennett, David, 1935-10aOn rational groundscedited by David Bennett asystems analysis in catchment land use planning aAmsterdambElsevier Pubc1982 axxxii, 362p. : ill. a0.00 aDevelopments in landscape management and urban planning v4 aOne col. map folded in pocket. -Includes bibliographies and indexes. aSYSTEMS ANALYSIS aPLANNING aLand use--Planning--Mathematical models aWATERSHED MANAGEMENT--PLANNING--MATHEMATICAL MODELS aThomas, John F D0.00FCBU-MAIN LIBRARY (Kitwe)H1I51.75M1UAVAILABLEZMain Library Open Access Collection D0.00FCBU-MAIN LIBRARY (Kitwe)H2I51.75M2UAVAILABLEZAnnex Low-Usage Collection  c81554d81554 00102lcc4070a001b001cMain Library Open Access Collectiond2023-09-05l0oHD 108.6 Onrp004710r2023-09-05t1w2023-09-05y002 00102lcc4070a001b001cAnnex Low-Usage Collectiond2023-09-05l0oHD 108.6 Onrp004711r2023-09-05t2w2023-09-05y002